|
|
|
|
| LEADER |
00000nam a2200000Ii 4500 |
| 001 |
DIGLINK00371 |
| 003 |
NyNyDIG |
| 006 |
m o d |
| 007 |
cr ||||||||||| |
| 008 |
140101s2011 sp o 000 0 spa d |
| 020 |
|
|
|a 9788498970470
|q (eBook)
|
| 020 |
|
|
|z 9788496428041
|
| 040 |
|
|
|a DGITA
|b eng
|e pn
|c DGITA
|
| 041 |
1 |
|
|a spa
|h fre
|
| 050 |
1 |
4 |
|a PQ6217.A2 eBook
|
| 100 |
1 |
|
|a Scribe, Eugène,
|d 1791-1861.
|
| 240 |
1 |
0 |
|a Bertrand et Raton
|l Spanish
|
| 245 |
1 |
3 |
|a El arte de conspirar /
|c Mariano José de Larra.
|
| 264 |
|
1 |
|a Barcelona :
|b www.Linkgua.com,
|c 2011.
|
| 300 |
|
|
|a 1 online resource (159 pages)
|
| 336 |
|
|
|a text
|b txt
|2 rdacontent
|
| 337 |
|
|
|a computer
|b c
|2 rdamedia
|
| 338 |
|
|
|a online resource
|b cr
|2 rdacarrier
|
| 490 |
1 |
|
|a Diferencias.
|
| 500 |
|
|
|a First published: El arte de conspirar : comedia en cinco actos y en prosa, traducida del francés por Don Ramón de Arriala [pseud.] [i.e. Mariano José de Larra]. Madrid : D.M. Calero, 1835.
|
| 500 |
|
|
|a Adapated from: Bertrand et Raton ou, L'art de conspirer : comédie en cinq actes et en prose représentée pour la première fois, sur le Théatre-Français, le 14 Novembre 1833. Paris : J.N. Barba, 1833.
|
| 655 |
|
0 |
|a Electronic books.
|
| 700 |
1 |
|
|a Larra, Mariano José de,
|d 1809-1837
|
| 791 |
2 |
|
|a Digitalia (Firm),
|e distributor.
|
| 830 |
|
0 |
|a Diferencias (Linkgua Ediciones)
|
| 793 |
0 |
|
|g Digitalia eBook Collection:
|a Linkgua.
|
| 856 |
4 |
0 |
|3 Digitalia Hispánica
|u https://www.digitaliapublishing.com/a/15132/
|
| 910 |
|
|
|a Premium Collection: 2007-2012
|